| 000 | 00535cam a2200193 a 4500 | ||
|---|---|---|---|
| 001 | L158877 | ||
| 008 | 120213s2015 xxk f 000 0 eng d | ||
| 022 | 1 | _a0260-6216 | |
| 035 | _a(Sirsi) u158877 | ||
| 041 | 0 | _aeng | |
| 050 | 0 | 4 | _a692.5 $2 18 |
| 110 | 2 |
_aBuilding Cost Information Service _91096 |
|
| 245 | 0 | 0 |
_aBCIS quarterly review of building prices _bissue 138 August 2015 |
| 260 |
_aLondon _bBCIS _c2015 |
||
| 300 |
_a40p. _c30cm. |
||
| 651 | 4 |
_aUnited Kingdom _y |
|
| 690 | _aBUILT ENVIRONMENT-BUILDING COSTS | ||
| 942 | _n0 | ||
| 999 |
_c115560 _d115560 |
||